00788nam a22001097a 4500040000800000082002700008100001600035245048900051260002600540300002500566856008700591 cRUA aAVM KEA 2013 B109 Or.1 aKEATH, MAO. aEffectiveness of bovimec and albenmisole on gastro-intestinal parasite of under 6- month age cal ves in prey pouch commune angsnoul district kandal province, ប្រសិទ្ធភាពBOVIMEC និង ALBENMISOLE លើវត្តមានបរាសិតក្នុងក្រពះពោះវៀនកូនគោក្រោមអាយុ៦ខែនៅឃុំព្រៃព្រួច ស្រុកអង្គស្នូល ខេត្តកណ្ដាល aPhnom PenhbRUAc2013 ax; 54p.bill.c29cm. uhttps://drive.google.com/file/d/1FDFEvs1IWkdfWRoJXcPDT8r_kH7NF6j2/view?usp=sharing